|
|
|
|
| LEADER |
00000cam a2200000 7i4500 |
| 001 |
0000001445 |
| 005 |
20010628.0 |
| 020 |
0 |
0 |
|a 0821325035
|
| 090 |
0 |
0 |
|a 333.75096891
|b LIV 1993
|
| 245 |
0 |
0 |
|a LIVING with trees :
|b policies for forestry management in Zimbabwe
|c edited by P.N. Bradley and K. McNamara
|
| 260 |
0 |
0 |
|a Washington, D.C. :
|b World Bank ,
|c 1993
|
| 300 |
|
|
|a xvi, 329 p. :
|b ill., maps ;
|c 28 cm.
|
| 440 |
0 |
0 |
|a World Bank technical paper ; n. 210
|
| 500 |
0 |
0 |
|a Includes bibliographical references
|
| 650 |
0 |
0 |
|a Forest management
|x Social aspects
|z Zimbabwe
|
| 650 |
0 |
0 |
|a Forest management
|z Zimbabwe
|
| 650 |
0 |
0 |
|a Forest policy
|z Zimbabwe
|
| 650 |
0 |
0 |
|a Tree farms
|z Zimbabwe
|x Management
|
| 650 |
0 |
0 |
|a Woodlots
|z Zimbabwe
|x Management
|
| 700 |
0 |
1 |
|a Bradley
|h P. N. [
|q (Phillip N.)]
|
| 700 |
0 |
1 |
|a McNamara
|h K. [
|q (Kathleen)] ,
|c 1944-
|
| 710 |
1 |
1 |
|a Stockholm Environment Institute
|
| 998 |
|
|
|a JPSM
|
| 999 |
|
|
|a 0000002457
|b Monograph
|c Open Shelf
|e Default branch
|